[Event "Titled Tue 27th May Early"]
[Site "chess.com INT"]
[Date "2025.05.27"]
[Round "9"]
[White "Ramsdal, Jens Albert"]
[Black "Lisenkov, Svyatoslav"]
[Result "0-1"]
[WhiteTitle "FM"]
[BlackTitle "CM"]
[WhiteElo "2351"]
[BlackElo "2241"]
[WhiteFideId "1429221"]
[BlackFideId "34264183"]
[EventDate "2025.05.27"]

1. e4 c5 2. a3 g6 3. Bc4 Bg7 4. Nc3 e6 5. d3 Ne7 6. Ba2 Nbc6 7. h4 h6 8. h5 g5
9. f4 gxf4 10. Bxf4 d5 11. Nb5 Qa5+ 12. Nc3 d4 13. Qg4 dxc3 14. b4 Qxa3 15. Bc1
Qxb4 16. Qxg7 Qd4 17. Qg3 Rg8 18. Qh3 Nb4 19. Bb3 c4 20. Ba4+ Bd7 21. Ne2 Qd6
22. Bxd7+ Qxd7 23. O-O Nxc2 24. Ra2 cxd3 25. Nxc3 Qd4+ 26. Rf2 Qxc3 27. Raxc2
Qd4 28. Rd2 O-O-O 29. Bb2 Qc5 30. Rxd3 Rxd3 31. Qxd3 Nc6 32. Kf1 Rd8 33. Qc2
Qxc2 34. Rxc2 a5 35. Bc1 Rh8 36. Bb2 Rh7 37. Rc5 f6 38. Bxf6 Rf7 39. e5 Kd7 40.
Ke2 b6 41. Rb5 Kc7 42. Kd3 Nb4+ 43. Ke4 Nd5 44. Rxd5 exd5+ 45. Kxd5 a4 46. Ke6
Rd7 47. Be7 Rxe7+ 48. Kxe7 a3 49. Kf7 a2 50. e6 a1=Q 51. e7 Qf1+ 52. Kg7 Qxg2+
53. Kxh6 Qe4 54. Kg7 Qxe7+ 55. Kh8 Qf7 56. h6 b5 57. h7 Qf8# 0-1

[Event "Titled Tue 27th May Early"]
[Site "chess.com INT"]
[Date "2025.05.27"]
[Round "9"]
[White "Butti, Enrique"]
[Black "Gubatayev, Ahmet"]
[Result "1/2-1/2"]
[WhiteTitle "CM"]
[BlackTitle "CM"]
[WhiteElo "1998"]
[BlackElo "2191"]
[WhiteFideId "3700470"]
[BlackFideId "14004526"]
[EventDate "2025.05.27"]

1. d4 d5 2. c4 c6 3. cxd5 cxd5 4. Nc3 Nf6 5. Bg5 Ne4 6. Nxe4 dxe4 7. a3 Nc6 8.
d5 Ne5 9. Qd4 f6 10. Bd2 Bf5 11. e3 Nd3+ 12. Bxd3 exd3 13. e4 Bg6 14. Qxd3 e6
15. Qb5+ Qd7 16. Qxd7+ Kxd7 17. dxe6+ Kxe6 18. f3 Rc8 19. Bc3 Bc5 20. Nh3 Kf7
21. Nf4 Be3 22. Nxg6 hxg6 23. Ke2 Bc5 24. h3 Rc7 25. Rhd1 Ke6 26. Bd4 Bd6 27.
Rac1 Rhc8 28. Be3 Be5 29. Rxc7 Rxc7 30. Rd2 b5 31. f4 Bd6 32. Kf3 Be7 33. Bd4 a6
34. e5 Rc4 35. g4 b4 36. exf6 gxf6 37. axb4 Bxb4 38. Re2+ Kf7 39. Ke4 Bc5 40.
Rd2 Bxd4 41. Rxd4 Rc2 42. Rb4 Rh2 43. Rb3 a5 44. Kd5 Rd2+ 45. Kc4 Rf2 46. Kb5
Rxf4 47. Kxa5 f5 48. gxf5 gxf5 49. Rb7+ Kf6 50. b4 Rh4 51. b5 Rxh3 52. b6 Rb3
53. Rc7 f4 54. Ka6 f3 55. Rc1 Ke5 56. b7 Ke4 57. Ka7 f2 58. b8=Q Rxb8 59. Kxb8
Ke3 60. Kb7 Ke2 61. Kc6 f1=Q 62. Rxf1 Kxf1 1/2-1/2

[Event "Titled Tue 27th May Early"]
[Site "chess.com INT"]
[Date "2025.05.27"]
[Round "9"]
[White "Korchynskyi, Mykola"]
[Black "Rozman, Levy"]
[Result "0-1"]
[WhiteTitle "FM"]
[BlackTitle "IM"]
[WhiteElo "2325"]
[BlackElo "2324"]
[WhiteFideId "34138005"]
[BlackFideId "2039877"]
[EventDate "2025.05.27"]

1. d4 g6 2. c4 Bg7 3. Nc3 c5 4. e3 cxd4 5. exd4 Nf6 6. Nf3 O-O 7. Be3 d5 8. Rc1
Nc6 9. cxd5 Nxd5 10. Bc4 Be6 11. Qe2 Nxe3 12. fxe3 Bxc4 13. Qxc4 Rc8 14. Qe2 e5
15. d5 e4 16. dxc6 exf3 17. Qxf3 Rxc6 18. O-O h5 19. Nd5 Rd6 20. e4 Bxb2 21. Rb1
Bd4+ 22. Kh1 b6 23. Rbd1 Be5 24. Rc1 Kg7 25. Rc7 Rf6 26. Nxf6 Qxc7 27. Nd5 Qc4
28. a3 b5 29. Ne3 Qe6 30. g4 Bd4 31. gxh5 Re8 32. hxg6 fxg6 33. Ng2 Be5 34. Qd3
Rh8 35. Nf4 Qd6 36. Qxd6 Bxd6 37. Kg2 Re8 38. Kf3 Bxf4 39. Rg1 g5 40. Rd1 a6 41.
Rd7+ Kf6 42. Ra7 Re6 43. h3 Rc6 44. h4 Rc3+ 45. Kg4 Rg3+ 46. Kh5 gxh4 47. Rxa6+
Ke5 48. Kxh4 Rb3 49. Ra5 Kxe4 50. a4 b4 51. Rb5 Be5 52. a5 Bc3 53. Kg4 Ra3 54.
Kg3 b3 55. Kf2 b2 0-1

[Event "Titled Tue 27th May Early"]
[Site "chess.com INT"]
[Date "2025.05.27"]
[Round "9"]
[White "Toktomushev, Teimur"]
[Black "Vasquez Schroeder, Rodrigo"]
[Result "0-1"]
[WhiteTitle "FM"]
[BlackTitle "GM"]
[WhiteElo "2398"]
[BlackElo "2446"]
[WhiteFideId "14176726"]
[BlackFideId "3400042"]
[EventDate "2025.05.27"]

1. d4 Nf6 2. c4 e6 3. Nf3 c5 4. d5 d6 5. Nc3 exd5 6. cxd5 g6 7. Nd2 Nbd7 8. e4
Bg7 9. Be2 O-O 10. O-O Re8 11. h3 h6 12. Re1 a6 13. a4 b6 14. Nc4 Nxe4 15. Nxe4
Rxe4 16. Nxd6 Rd4 17. Qb3 Rb4 18. Qc2 Ne5 19. Nxc8 Qxc8 20. Ra3 Qd7 21. Rd1 g5
22. Re3 Qxa4 23. b3 Qd7 24. Bb2 Qd6 25. Qf5 Ng6 26. Bxg7 Kxg7 27. g3 Qf6 28. Qc2
Rd4 29. Bh5 Rd8 30. Rxd4 cxd4 31. Rf3 Qe5 32. Rf5 Qe1+ 33. Kg2 Qe7 34. Qd3 Ne5
35. Qxd4 f6 36. f4 gxf4 37. gxf4 Nd7 38. d6 Qe6 39. Bg4 Qxb3 40. Rd5 Qc2+ 41.
Kg3 Qg6 42. Qe3 Qf7 43. Be6 Qe8 44. f5 Nf8 45. Kh2 Qh5 46. Rd4 Kh8 47. Rg4 Nh7
48. Qg3 Ng5 49. h4 Rxd6 50. Kg2 Rd2+ 51. Kf1 Rd8 52. hxg5 hxg5 53. Qg2 Kg7 54.
Kg1 Kh6 55. Kf1 Rd1+ 56. Ke2 Rd4 57. Qf3 Rf4 0-1

[Event "Titled Tue 27th May Early"]
[Site "chess.com INT"]
[Date "2025.05.27"]
[Round "9"]
[White "Carrasco Miranda, Andres"]
[Black "Miranda Camus, Joaquin Ignacio"]
[Result "1/2-1/2"]
[WhiteTitle "CM"]
[BlackTitle "FM"]
[WhiteElo "2211"]
[BlackElo "2196"]
[WhiteFideId "3405990"]
[BlackFideId "3449300"]
[EventDate "2025.05.27"]

1. Nf3 d5 2. c4 d4 3. g3 Nf6 4. Bg2 Nc6 5. O-O e5 6. e3 Be7 7. exd4 exd4 8. d3
O-O 9. Re1 h6 10. Bf4 Bf5 11. Ne5 Nxe5 12. Bxe5 c6 13. Bxd4 Qxd4 14. Rxe7 Qxb2
15. Nd2 Qb4 16. Re3 Qd6 17. Ne4 Nxe4 18. dxe4 Qxd1+ 19. Rxd1 Be6 20. Rc3 Rfd8
21. Rb1 b6 22. e5 Rac8 23. f4 Rd2 24. a3 c5 25. Rbc1 Rcd8 26. R1c2 Rd1+ 27. Kf2
R8d4 28. Bf1 g5 29. fxg5 hxg5 30. Be2 Rh1 31. Kg2 Ra1 32. Re3 g4 33. Bd3 Bd7 34.
Be4 Rxe4 35. Rxe4 Bc6 36. Re2 Rxa3 37. Kf2 Rf3+ 38. Ke1 Bxe4 39. Rxe4 Kf8 40.
Rxg4 Rc3 41. Kd2 Ra3 42. h4 Ra2+ 43. Kc3 Ra4 44. h5 b5 45. Rf4 b4+ 46. Kb2 Ra6
47. g4 Rh6 48. Rf6 Rxf6 49. exf6 a5 50. Kb3 Kg8 51. g5 Kh7 52. g6+ fxg6 53. f7
Kg7 54. hxg6 Kf8 55. Ka4 Kg7 56. Kb3 Kf8 57. Ka4 Kg7 58. Kb3 1/2-1/2

[Event "Titled Tue 27th May Early"]
[Site "chess.com INT"]
[Date "2025.05.27"]
[Round "9"]
[White "Berikkyzy Alanna"]
[Black "Guliev, Gasan"]
[Result "1/2-1/2"]
[WhiteTitle "WFM"]
[BlackTitle "CM"]
[WhiteElo "2104"]
[BlackElo "2123"]
[WhiteFideId "13780719"]
[BlackFideId "34165638"]
[EventDate "2025.05.27"]

1. e4 c5 2. Nf3 Nc6 3. d4 cxd4 4. Nxd4 Nf6 5. Nc3 e5 6. Ndb5 d6 7. Nd5 Nxd5 8.
exd5 Ne7 9. c3 Ng6 10. h4 h5 11. g3 Be7 12. a4 a6 13. Na3 Bg4 14. Be2 Qd7 15.
Nc4 Bxe2 16. Qxe2 Qf5 17. Bg5 f6 18. Bd2 O-O 19. O-O b5 20. axb5 axb5 21. Ne3
Qe4 22. Qxh5 Kf7 23. Qf5 Qxf5 24. Nxf5 Rfb8 25. Kg2 Nf8 26. f4 Nd7 27. fxe5 Nxe5
28. Bf4 Nd3 29. Bxd6 Bxd6 30. Nxd6+ Kg6 31. b4 Rxa1 32. Rxa1 Rd8 33. Ra6 Ne5 34.
Nxb5 Rxd5 35. Nd4 Kh5 36. b5 Nc4 37. Kf3 Ne5+ 38. Ke4 Rc5 39. Ra3 Nd7 40. Kd3
Ne5+ 41. Kc2 Kg4 42. b6 Nc4 43. Rb3 Rc8 44. b7 Rb8 45. Nc6 Ne3+ 46. Kb1 Rxb7 47.
Rxb7 Nf5 48. Nd4 Nxg3 49. Rxg7+ Kxh4 50. c4 f5 51. Rxg3 Kxg3 52. Nxf5+ Kf4 53.
c5 Kxf5 54. Kc2 Ke6 55. Kb3 Kd5 56. Kb4 Kc6 57. Kc4 Kc7 58. Kd5 Kd7 59. c6+ Kc7
60. Kc5 Kc8 61. Kd6 Kd8 62. Kd5 Kc7 63. Kc5 Kc8 64. Kb5 Kc7 65. Kc5 1/2-1/2

[Event "Titled Tue 27th May Early"]
[Site "chess.com INT"]
[Date "2025.05.27"]
[Round "9"]
[White "Onyshchuk, Volodymyr"]
[Black "Amangeldy, Ernur"]
[Result "1-0"]
[WhiteTitle "GM"]
[BlackTitle "FM"]
[WhiteElo "2602"]
[BlackElo "2231"]
[WhiteFideId "14114038"]
[BlackFideId "13720244"]
[EventDate "2025.05.27"]

1. e4 c5 2. Nf3 d6 3. d4 cxd4 4. Nxd4 Nf6 5. Nc3 Bd7 6. h3 a6 7. Bc4 Nc6 8. O-O
e6 9. Bb3 Be7 10. Be3 Nxd4 11. Bxd4 b5 12. Bxf6 gxf6 13. Qh5 Qc7 14. a4 b4 15.
Ne2 Qc5 16. Qf3 Qe5 17. Rad1 Rg8 18. Rfe1 Bc6 19. Nd4 Bb7 20. Qe2 Kf8 21. Qd2 a5
22. Qh6+ Rg7 23. f4 Qc5 24. Kh1 Kg8 25. f5 e5 26. Nf3 Qf2 27. Rd2 Qg3 28. Ree2
Kh8 29. Nh2 Rag8 30. Re3 Qf4 31. Qxf4 exf4 32. Re1 Rg3 33. Nf3 Rd8 34. Bxf7 Bf8
35. Bd5 Ba6 36. Nd4 Re3 37. Rdd1 Re8 38. Ne6 Be2 39. Nxf4 Bxd1 40. Rxe3 Bxc2 41.
Ne6 Bh6 42. Re1 Bxa4 43. Ra1 Bd7 44. Rxa5 Bxe6 45. fxe6 Re7 46. Rb5 Bd2 47. g4
Kg7 48. Kg2 h6 49. Kf3 Rc7 50. Ke2 Bf4 51. Rxb4 Be5 52. b3 Kf8 53. Rb8+ Ke7 54.
b4 Rc2+ 55. Kd1 Rc7 56. b5 Bd4 57. b6 Rc5 58. Rb7+ Ke8 59. e7 Be3 60. Rc7 Rxc7
61. bxc7 Kxe7 62. c8=Q 1-0

[Event "Titled Tue 27th May Early"]
[Site "chess.com INT"]
[Date "2025.05.27"]
[Round "9"]
[White "Mendonca, Leon Luke"]
[Black "Pavlov, Nikolay"]
[Result "1-0"]
[WhiteTitle "GM"]
[BlackTitle "FM"]
[WhiteElo "2630"]
[BlackElo "2316"]
[WhiteFideId "35028561"]
[BlackFideId "24141470"]
[EventDate "2025.05.27"]

1. Nf3 Nf6 2. c4 b6 3. b3 Bb7 4. Bb2 e6 5. g3 Be7 6. Bg2 O-O 7. O-O c5 8. d4
cxd4 9. Qxd4 d6 10. Nc3 a6 11. Rad1 Qc7 12. e4 Nbd7 13. Qe3 Rac8 14. Nd4 Rfe8
15. Rfe1 Bf8 16. Qe2 g6 17. Rd2 Bh6 18. Rdd1 Bg7 19. h3 h5 20. Rc1 Bh6 21. Rc2
h4 22. g4 Bf4 23. Qd1 Be5 24. Nde2 Qc5 25. Na4 Qa5 26. Nac3 Nh7 27. f4 Qc5+ 28.
Kh1 Bg7 29. Rd2 Bf8 30. Rf1 b5 31. cxb5 axb5 32. Nd4 b4 33. Na4 Qa5 34. Nc2 Ba6
35. Re1 Rc7 36. Ne3 Rec8 37. g5 Bb5 38. Ng4 Bxa4 39. bxa4 Nxg5 40. fxg5 Qxg5 41.
Rf2 e5 42. Ref1 Nb6 43. a5 Nc4 44. Bc1 Qd8 45. Qd5 Nb6 46. axb6 Rxc1 47. Qxf7+
Kh8 48. Nf6 Bg7 49. b7 Rxf1+ 50. Rxf1 Rb8 51. Qxg6 Bxf6 52. Rxf6 Qg8 53. Qh5+
Qh7 54. Rh6 1-0

[Event "Titled Tue 27th May Early"]
[Site "chess.com INT"]
[Date "2025.05.27"]
[Round "9"]
[White "Belov, Alexei"]
[Black "Lacasa Diaz, Josep Anton"]
[Result "0-1"]
[WhiteTitle "IM"]
[BlackTitle "IM"]
[WhiteElo "2421"]
[BlackElo "2304"]
[WhiteFideId "4128206"]
[BlackFideId "2203375"]
[EventDate "2025.05.27"]

1. e4 c5 2. Nf3 d6 3. d4 cxd4 4. Nxd4 Nf6 5. Nc3 g6 6. Be3 Bg7 7. f3 O-O 8. Qd2
Nc6 9. Bc4 Nxd4 10. Bxd4 Be6 11. Bb3 Qa5 12. O-O-O b5 13. Kb1 b4 14. Nd5 Bxd5
15. exd5 Qb5 16. Qd3 Qxd3 17. Rxd3 Nd7 18. Re1 Be5 19. Bxe5 Nxe5 20. Rd4 a5 21.
Ba4 Ra7 22. f4 Ng4 23. h3 Nf6 24. g4 Rc8 25. Bc6 Kf8 26. c3 bxc3 27. bxc3 Nd7
28. Bxd7 Rxd7 29. Kc2 Rdc7 30. Rd3 Rc4 31. Rf1 R8c5 32. f5 g5 33. f6 Ra4 34. Kb3
Re4 35. fxe7+ Rxe7 36. Rf5 h6 37. Rf6 a4+ 38. Ka3 Rec7 39. Rxh6 Rxc3+ 40. Rxc3
Rxc3+ 41. Kxa4 Ke7 42. Rh5 Kf6 43. Kb4 Rc5 44. Rh6+ Ke7 45. a4 Rxd5 46. a5 Rd1
47. a6 Ra1 48. Kb5 d5 49. Rb6 d4 50. Kc4 Ra4+ 51. Kd3 Kf8 52. Ke4 Kg7 53. Rd6 f6
54. Kf5 d3 55. Rd7+ Kf8 56. Rxd3 Rxa6 57. Kg6 Ke7 58. Re3+ Kf8 59. Re6 Rxe6 60.
Kf5 Ra6 0-1

[Event "Titled Tue 27th May Early"]
[Site "chess.com INT"]
[Date "2025.05.27"]
[Round "9"]
[White "Durarbayli, Vasif"]
[Black "Rustamov, Rustam"]
[Result "1-0"]
[WhiteTitle "GM"]
[BlackTitle "FM"]
[WhiteElo "2612"]
[BlackElo "2323"]
[WhiteFideId "13402935"]
[BlackFideId "13440110"]
[EventDate "2025.05.27"]

1. e4 c5 2. Nf3 d6 3. d4 cxd4 4. Nxd4 e5 5. Bb5+ Bd7 6. Bxd7+ Qxd7 7. Nf5 Nf6 8.
Nc3 Nxe4 9. Nxg7+ Bxg7 10. Nxe4 d5 11. Bh6 O-O 12. Bxg7 Kxg7 13. Ng3 Nc6 14. O-O
f5 15. f4 e4 16. c3 d4 17. cxd4 Qxd4+ 18. Qxd4+ Nxd4 19. Rfd1 Rad8 20. Rac1 Kg6
21. Kf2 Rd7 22. Nf1 Rfd8 23. g3 Ne6 24. Rxd7 Rxd7 25. Rc2 b6 26. Ne3 Nc5 27. Ke2
Rd6 28. Rd2 Rxd2+ 29. Kxd2 Kf6 30. Kc3 Ke6 31. Kc4 Nd3 32. b4 a6 33. a3 h5 34.
Kd4 Ne1 35. h4 Nd3 36. Nc4 b5 37. Ne3 Nc1 38. Kc5 Ne2 39. Nf1 Nc3 40. Kb6 Nd1
41. Kxa6 e3 42. Nxe3 Nxe3 43. Kxb5 Kd5 44. a4 Nc4 45. a5 Nd6+ 46. Kb6 Nc4+ 47.
Kc7 Nd6 48. a6 Nb5+ 49. Kb6 Kc4 50. Kc6 Kxb4 51. Kd5 Ka5 52. Ke5 Kxa6 53. Kxf5
Kb6 54. Kg6 Kc6 55. Kxh5 Kd6 56. Kg6 Nd4 57. h5 Ke6 58. h6 Nf5 59. h7 Ne7+ 60.
Kg5 1-0

[Event "Titled Tue 27th May Early"]
[Site "chess.com INT"]
[Date "2025.05.27"]
[Round "9"]
[White "Omariev, Maksim"]
[Black "Barria Zuniga, Daniel"]
[Result "1-0"]
[WhiteTitle "FM"]
[BlackTitle "IM"]
[WhiteElo "2304"]
[BlackElo "2341"]
[WhiteFideId "4193423"]
[BlackFideId "3400816"]
[EventDate "2025.05.27"]

1. b3 d5 2. Bb2 Bg4 3. h3 Bh5 4. g4 Bg6 5. Bg2 c5 6. c4 e6 7. Nf3 Nc6 8. cxd5
exd5 9. d4 Nf6 10. Nc3 Be7 11. dxc5 Bxc5 12. O-O O-O 13. g5 Ne4 14. Nxd5 Nxg5
15. Rc1 Nxf3+ 16. Bxf3 Qg5+ 17. Kh1 Bb6 18. Rc4 Rad8 19. Rg4 Qf5 20. e4 Qe6 21.
Bg2 Ne5 22. Rg3 f5 23. exf5 Rxf5 24. Qe2 Rxd5 25. f4 Qf7 26. Bxe5 Rdxe5 27. fxe5
Bf2 28. Rf3 Rxf3 29. Qxf3 Qxf3 30. Bxf3 Bd4 31. e6 Kf8 32. Bxb7+ Ke7 33. Bd5 Kd6
34. Bc4 Be4+ 35. Kh2 Be5+ 36. Kg1 Bd4+ 37. Rf2 Ke5 38. Kf1 Bxf2 39. Kxf2 Kd6 40.
Ke3 Bf5 41. h4 Bxe6 42. Bd3 h6 43. Kd2 Ke5 44. Ke3 g5 45. hxg5 hxg5 46. Bc2 a5
47. a3 Bf5 48. Bd1 Be6 49. b4 axb4 50. axb4 Kd6 51. Be2 Kc6 52. Kd4 Kb6 53. Kc3
Bd7 54. Bf3 Bc6 55. Bg4 1-0

[Event "Titled Tue 27th May Early"]
[Site "chess.com INT"]
[Date "2025.05.27"]
[Round "9"]
[White "Iskusnyh, Sergei"]
[Black "Levitan, Caleb Levi"]
[Result "1-0"]
[WhiteTitle "GM"]
[BlackTitle "FM"]
[WhiteElo "2440"]
[BlackElo "2333"]
[WhiteFideId "4120027"]
[BlackFideId "14332620"]
[EventDate "2025.05.27"]

1. d4 d5 2. c4 e6 3. g3 Nf6 4. Bg2 dxc4 5. Qa4+ Bd7 6. Qxc4 Bc6 7. Nf3 Be7 8.
O-O O-O 9. Nc3 Nbd7 10. Rd1 Rb8 11. Qd3 b5 12. Qc2 b4 13. Na4 Be4 14. Qb3 Bd5
15. Qe3 Nb6 16. Nxb6 cxb6 17. Ne5 Bxg2 18. Kxg2 Rc8 19. Qf3 Qd5 20. Bg5 Qxf3+
21. Kxf3 Rfd8 22. Rac1 h6 23. Bxf6 Bxf6 24. Nc6 Re8 25. e3 a5 26. Na7 Rxc1 27.
Rxc1 e5 28. Nb5 exd4 29. exd4 Kf8 30. Rc6 Re6 31. Rxe6 fxe6 32. Ke4 Ke7 33. b3
Kd7 34. d5 Bb2 35. h4 g5 36. h5 Bc1 37. f3 g4 38. fxg4 Bg5 39. Nd4 exd5+ 40.
Kxd5 Be3 41. Nf3 Bc1 42. g5 hxg5 43. g4 Ke7 44. Ne5 Kf6 45. Nd7+ Kg7 46. Nxb6
Bf4 47. Nc4 Bc7 48. Kc6 Bd8 49. Kd7 a4 50. Kxd8 1-0

[Event "Titled Tue 27th May Early"]
[Site "chess.com INT"]
[Date "2025.05.27"]
[Round "9"]
[White "Samunenkov, Ihor"]
[Black "Martinez Alcantara, Jose Eduardo"]
[Result "1-0"]
[WhiteTitle "GM"]
[BlackTitle "GM"]
[WhiteElo "2572"]
[BlackElo "2611"]
[WhiteFideId "14187086"]
[BlackFideId "3805662"]
[EventDate "2025.05.27"]

1. e4 c5 2. Nf3 d6 3. d4 cxd4 4. Nxd4 a6 5. Nc3 e6 6. g4 b5 7. Bg2 Bb7 8. O-O
Ne7 9. Re1 Nec6 10. Nf5 g6 11. Ng3 Nd7 12. f4 Be7 13. Be3 O-O 14. Nce2 Rc8 15.
Kh1 Re8 16. c3 Bf8 17. Qd2 Qc7 18. Rad1 Rcd8 19. Nd4 Nf6 20. g5 Nd7 21. f5 Nce5
22. b3 Nc5 23. Rf1 Qc8 24. Qe2 Qa8 25. fxe6 Nxe6 26. Nxe6 Rxe6 27. Qf2 Bg7 28.
Bd4 Rf8 29. Qf4 Qe8 30. h4 f6 31. Qd2 fxg5 32. hxg5 Qc6 33. Rxf8+ Bxf8 34. Rf1
Bg7 35. Ne2 Re7 36. Nf4 Qe8 37. Nd5 Bxd5 38. exd5 Nf7 39. Bxg7 Kxg7 40. Qd4+ Ne5
41. Rf6 Qd7 42. c4 bxc4 43. bxc4 Qc7 44. Re6 Rxe6 45. dxe6 Qc5 46. Qf4 Qxc4 47.
Qxc4 Nxc4 48. Bd5 Kf8 49. Bxc4 a5 50. Kg2 h6 51. gxh6 Ke7 52. h7 d5 53. Bxd5 Kf6
54. h8=Q+ Kg5 55. e7 a4 56. e8=Q a3 57. Qee5+ 1-0

[Event "Titled Tue 27th May Early"]
[Site "chess.com INT"]
[Date "2025.05.27"]
[Round "9"]
[White "Ivashentseva, Dominika"]
[Black "Pournami S"]
[Result "1-0"]
[WhiteTitle "WCM"]
[BlackTitle "WCM"]
[WhiteElo "1921"]
[BlackElo "1782"]
[WhiteFideId "34331050"]
[BlackFideId "25732439"]
[EventDate "2025.05.27"]

1. d4 Nf6 2. c4 e6 3. Nc3 d5 4. Nf3 Be7 5. g3 O-O 6. Bg2 b6 7. O-O Bb7 8. Ne5 c5
9. dxc5 bxc5 10. cxd5 exd5 11. Qb3 Qb6 12. Nxd5 Nxd5 13. Bxd5 Bxd5 14. Qxd5 Na6
15. Nd7 Qd8 16. Rd1 Re8 17. Qb7 Qc8 18. Qxc8 Raxc8 19. Bf4 Nb4 20. a3 Nc6 21.
Nxc5 Bxc5 22. Rac1 Nd4 23. Rc4 Nxe2+ 24. Kg2 Nxf4+ 25. gxf4 Be7 26. Re4 Bf6 27.
Rb4 h6 28. Rd7 Rc2 29. Rbb7 Ree2 30. Rxf7 Rxf2+ 31. Kg3 Rxb2 32. Rxb2 Rxb2 33.
Rxa7 Ra2 34. a4 Ra3+ 35. Kg4 Kh7 36. h4 Bd4 37. Ra6 Bf2 38. h5 Rg3+ 39. Kf5 Rh3
40. Kg4 Rh4+ 41. Kf3 Be1 42. Re6 Bb4 43. Re5 Rh1 44. Rb5 Rb1 45. a5 Rb3+ 46. Ke4
Ra3 47. Rxb4 Rxa5 48. f5 Ra7 49. Kf4 Rf7 50. Rb6 Ra7 51. Ke5 Ra5+ 52. Ke6 Ra3
53. Rb7 Re3+ 54. Kf7 Rh3 55. Kf8 Rg3 56. f6 Rf3 57. Rxg7+ Kh8 58. Rg6 Rxf6+ 59.
Rxf6 Kh7 60. Ra6 1-0

[Event "Titled Tue 27th May Early"]
[Site "chess.com INT"]
[Date "2025.05.27"]
[Round "9"]
[White "Xue, Haowen"]
[Black "Harsh, Suresh"]
[Result "0-1"]
[WhiteTitle "GM"]
[BlackTitle "IM"]
[WhiteElo "2518"]
[BlackElo "2392"]
[WhiteFideId "8625492"]
[BlackFideId "45018464"]
[EventDate "2025.05.27"]

1. Nf3 Nf6 2. c4 c5 3. g3 b6 4. Bg2 Bb7 5. O-O g6 6. d4 cxd4 7. Qxd4 Bg7 8. Nc3
O-O 9. Qh4 d6 10. Bh6 Nbd7 11. Ng5 Bxg2 12. Kxg2 Nh5 13. Bxg7 Kxg7 14. Rad1 Rc8
15. b3 h6 16. Nf3 Nhf6 17. e4 g5 18. Nxg5 hxg5 19. Qxg5+ Kh8 20. Nd5 e6 21. Qh4+
Nh7 22. Ne7 Rc7 23. Rxd6 Re8 24. Nc6 Qxh4 25. gxh4 Nc5 26. Kf3 Nb7 27. Rfd1 Nxd6
28. Rxd6 Rec8 29. Nd4 Nf8 30. e5 Ng6 31. Ke4 Nxh4 32. Nb5 Re7 33. Rd3 Kg7 34.
Rg3+ Ng6 35. Nd6 Rh8 36. f4 Rh4 37. Ke3 Kf8 38. a4 Nxf4 39. Rg5 Ng6 40. Ne4 Rh3+
41. Kd4 Rd7+ 42. Nd6 Rxb3 43. c5 Rb4+ 44. Kc3 bxc5 45. Rh5 Rh4 46. Rg5 Rxa4 47.
Kb3 Rh4 48. Kc3 Nxe5 49. Nb5 Rd3+ 50. Kc2 Rxh2+ 51. Kc1 Rf3 52. Rg1 Rff2 53. Kd1
Rd2+ 54. Kc1 Nd3+ 55. Kb1 Rb2+ 56. Ka1 Ra2+ 57. Kb1 Rhb2# 0-1

[Event "Titled Tue 27th May Early"]
[Site "chess.com INT"]
[Date "2025.05.27"]
[Round "9"]
[White "Zhou, Yuxu"]
[Black "Ramos Espinoza, Efren Andres"]
[Result "1-0"]
[WhiteTitle "CM"]
[BlackTitle "FM"]
[WhiteElo "2087"]
[BlackElo "2104"]
[WhiteFideId "8626421"]
[BlackFideId "6100538"]
[EventDate "2025.05.27"]

1. d4 d5 2. Nc3 Nf6 3. Bf4 e6 4. Nb5 Bb4+ 5. c3 Ba5 6. Qa4 Nc6 7. Nf3 O-O 8. Ne5
Bb6 9. e3 Ne7 10. Bd3 c6 11. Na3 Nf5 12. g4 Nd6 13. g5 Nfe4 14. Qc2 f6 15. gxf6
gxf6 16. Rg1+ Kh8 17. Nf3 Qe7 18. Ke2 Bd7 19. c4 c5 20. dxc5 Bxc5 21. Bxd6 Nxd6
22. cxd5 Bxa3 23. bxa3 exd5 24. Qb2 Rac8 25. Qd4 Ne4 26. Rac1 Rxc1 27. Rxc1 Qxa3
28. Rc2 Bc6 29. Nd2 Nxd2 30. Rxd2 a5 31. Qh4 Qe7 32. Bf5 Rf7 33. Rd4 Rg7 34. Kf3
Qe5 35. Bd3 Be8 36. Ke2 Bh5+ 37. Kd2 Bf7 38. Qh6 Qg5 39. Qh3 Qg1 40. Qh4 Qg5 41.
Qh3 Qg1 42. Qf5 Qg5 43. Qf3 Qe5 44. Qh3 Bg8 45. f4 Qd6 46. Ke2 Qa3 47. Kf3 Qxa2
48. Bf5 Qa1 49. Rd2 Qh1+ 50. Kf2 Qg1+ 51. Kf3 Qh1+ 52. Kf2 d4 53. Rxd4 Qg1+ 54.
Kf3 Qh1+ 55. Kf2 Qg1+ 56. Kf3 1-0

[Event "Titled Tue 27th May Early"]
[Site "chess.com INT"]
[Date "2025.05.27"]
[Round "9"]
[White "Golubovic, Erik"]
[Black "Perez Rojas, Jorge"]
[Result "1-0"]
[WhiteTitle "CM"]
[BlackTitle "FM"]
[WhiteElo "2184"]
[BlackElo "2100"]
[WhiteFideId "14586908"]
[BlackFideId "3452093"]
[EventDate "2025.05.27"]

1. d4 d5 2. c4 e6 3. Nf3 c6 4. g3 dxc4 5. Bg2 b5 6. O-O Bb7 7. Ne5 Nf6 8. a4 a6
9. b3 cxb3 10. Qxb3 Qb6 11. Bb2 Be7 12. Nd2 O-O 13. Ne4 Nbd7 14. Nxf6+ Nxf6 15.
Rfc1 c5 16. dxc5 Bxc5 17. Bxb7 Bxf2+ 18. Kg2 Qxb7+ 19. Kxf2 Ne4+ 20. Kg1 Qb6+
21. e3 Rad8 22. Nf3 Rd5 23. Bd4 Qb7 24. axb5 Rxb5 25. Qd1 f6 26. Nd2 e5 27. Nxe4
Qxe4 28. Ba7 Ra8 29. Qd7 Rb7 30. Qe6+ Rf7 31. Bc5 g6 32. Rc4 Qd3 33. Rac1 Kg7
34. Bb6 Qd7 35. Qxd7 Rxd7 36. Rc7 Rd8 37. Rxd7+ Rxd7 38. Ra1 h5 39. Rxa6 h4 40.
Ra7 Rxa7 41. Bxa7 hxg3 42. hxg3 Kf7 43. Kf2 Ke6 44. Kf3 Kf5 45. Bb6 e4+ 46. Kf2
Kg4 47. Bc7 g5 48. Bd8 Kf5 49. Kg2 Kg6 50. g4 f5 51. gxf5+ Kxf5 52. Kg3 g4 53.
Bh4 Kg6 54. Kxg4 Kf7 55. Kf4 Ke6 56. Kxe4 Kf7 57. Kf4 Ke8 58. e4 Kf8 59. Bf2 Ke8
60. e5 Kf8 61. Ke4 Ke8 62. Kf5 Kf8 63. e6 Ke8 64. Ke5 Ke7 65. Kf5 Ke8 66. Kf6
Kf8 67. Bc5+ Ke8 68. e7 Kd7 69. Kf7 Kc6 70. e8=Q+ Kd5 1-0

[Event "Titled Tue 27th May Early"]
[Site "chess.com INT"]
[Date "2025.05.27"]
[Round "9"]
[White "Papaioannou, Dimitrios"]
[Black "Robert, Yoann"]
[Result "1-0"]
[WhiteTitle "CM"]
[BlackTitle "CM"]
[WhiteElo "2200"]
[BlackElo "2198"]
[WhiteFideId "25865137"]
[BlackFideId "36018805"]
[EventDate "2025.05.27"]

1. Nf3 Nf6 2. c4 c5 3. Nc3 g6 4. e4 d6 5. d4 cxd4 6. Nxd4 Bg7 7. Be2 O-O 8. O-O
Nc6 9. Be3 Nxd4 10. Bxd4 Nd7 11. Bxg7 Kxg7 12. Qc2 a5 13. Rad1 Nc5 14. b3 Bd7
15. f4 Rc8 16. Bf3 Ne6 17. Qb2 Kg8 18. Nd5 a4 19. Kh1 Bc6 20. Bg4 Ra8 21. b4
Bxd5 22. exd5 a3 23. Qc3 Ng7 24. f5 Ne8 25. fxg6 hxg6 26. Rd3 Nf6 27. Bf5 Kg7
28. Rg3 Rh8 29. Bc2 Rh5 30. Qd3 Qh8 31. h3 Qh6 32. Re1 Re5 33. Rge3 Ng4 34. R3e2
Nf2+ 35. Rxf2 Rxe1+ 36. Kh2 Qg5 37. Re2 Rxe2 38. Qxe2 Qe5+ 39. Qxe5+ dxe5 40. c5
Rc8 41. Be4 Kf6 42. Kg3 Rc7 43. Kf3 Kg7 44. g4 Kf8 45. Ke3 Ke8 46. Kd3 Kd7 47.
Kc4 Rc8 48. Kb5 Ra8 49. Kb6 Ra4 50. Kb5 Ra8 51. Bd3 Kc7 52. Bf1 Rh8 53. Kc4 f5
54. b5 fxg4 55. b6+ Kb8 56. hxg4 Rh2 57. c6 bxc6 58. dxc6 Rc2+ 59. Kd5 Rxa2 60.
c7+ Kb7 61. Ba6+ Kxa6 62. c8=Q+ Kxb6 63. Qc6+ Ka5 64. Qc5+ Ka6 65. Qc4+ Kb7 66.
Qxa2 1-0